Iranian endodontic journal.

Bibliographic Details
Format: Journal
Language:English
Published: [Tehran] : Tehran : Iranian Association of Endodontists; Iranian Center for Endodontic Research.
Subjects:
Online Availability: Check for online availability

MARC

Tag First Indicator Second Indicator Subfields
LEADER 00000cas a2200000 a 4500
001 in00002784957
005 20150922151655.0
006 m o d
007 cr |||||||||||
008 111209c20069999ir r poo 0 0eng c
010 |a  2012247788 
022 |a 2008-2746  |y 1735-7497  |l 1735-7497 
029 0 |a AU@  |b 000048648881 
035 |a (OCoLC)ocn780387995 
035 |a (OCoLC)780387995 
040 |a AU@  |b eng  |c AU@  |d CS1  |d PFM  |d TXA  |d UtOrBLW 
042 |a pcc 
049 |a TXAM 
090 |a RK351  |b .I73 Electronic 
245 0 0 |a Iranian endodontic journal. 
246 1 |a IEJ 
264 1 |a [Tehran] :  |b Iranian Association of Endodontists;  |a Tehran :  |b Iranian Center for Endodontic Research. 
310 |a Quarterly 
336 |a text  |b txt  |2 rdacontent 
337 |a computer  |b c  |2 rdamedia 
338 |a online resource  |b cr  |2 rdacarrier 
362 1 |a Began with: Vol. 1, no. 1 (spring 2006). 
588 |a Description based on: Vol. 1, no. 1 (spring 2006); title from journal homepage (publisher's Web site, viewed Nov. 9, 2012). 
588 |a Latest issue consulted: Vol. 7, no. 4 (fall 2012) (viewed Nov. 9, 2012). 
500 |a Electronic resource. 
650 0 |a Endodontics  |v Periodicals. 
650 1 2 |a Endodontics  |v Periodicals. 
650 2 2 |a Dental Pulp Diseases  |v Periodicals. 
776 0 8 |i Print version:  |t Iranian endodontic journal  |x 1735-7497  |w (DLC) 2010243528  |w (OCoLC)649814008 
948 |a cataloged  |b h  |c 2012/11/28  |d c  |e spoltoratski  |f $:19:32 pm  |g sc 
994 |a C0  |b TXA 
999 |a MARS 
999 f f |s e6531a55-296c-3241-a77c-a426c6219ec7  |i a25b9407-653b-3ccf-8970-600af6474c66  |t 0 
952 f f |a Texas A&M University  |b College Station  |c Electronic Resources  |d Available Online  |t 0  |e RK351 .I73  |g Electronic  |h Library of Congress classification 
998 f f |a RK351 .I73  |t 0  |l Available Online